000 00345nam a2200145Ia 4500
008 220805s9999 xx 000 0 und d
020 _a978-81-921106-7-7
041 _aeng
082 _a930.09
100 _aEd. Brancaccio, Pia
_988042
260 _aMumbai
_bThe marg Foundation
_c2013
245 _aLiving Rock
300 _a140
440 _v64
999 _c48468
_d48468